[Event "Eastern Asia-ch U14"]
[Site "Tornelo INT"]
[Date "2021.10.31"]
[Round "9"]
[White "Soham, Nag"]
[Black "Rohan, Dash"]
[Result "0-1"]
[WhiteElo "1470"]
[BlackElo "1128"]
[PlyCount "126"]
[EventDate "2021.10.29"]
[EventType "swiss"]
[EventRounds "9"]
[EventCountry "NET"]
[SourceTitle "EXT 2023"]
[Source "ChessBase"]
[SourceDate "2022.10.05"]
[SourceVersion "1"]
[SourceVersionDate "2022.10.05"]
[SourceQuality "1"]

1. e4 e5 2. Nf3 Nc6 3. Bc4 Bc5 4. c3 Nf6 5. d3 h6 6. 0-0 d6 7. Be3 Bb6 8. Nbd2 Bg4 9. h3 Bd7 10. d4 exd4 11. Nxd4 Qe7 12. Re1 0-0-0 13. a4 Nxd4 14. Bxd4 Bxd4 15. cxd4 g5 16. b4 g4 17. h4 g3 18. fxg3 Rhg8 19. e5 Ng4 20. Rc1 Kb8 21. Nf3 dxe5 22. Nxe5 Nxe5 23. Rxe5 Qxb4 24. Bxf7 Rxg3 25. Rd5 Qe7 26. Qf1 Qxh4 27. Re1 c6 28. Rd6 Kc7 29. Rf6 Qxd4+ 30. Kh2 Qh4+ 31. Kg1 Rxg2+ 32. Qxg2 Qxe1+ 33. Rf1 Qe3+ 34. Kh2 Rf8 35. Qg7 Qh3+ 36. Kg1 Qe3+ 37. Kh2 Qh3+ 38. Kg1 Qg4+ 39. Qxg4 Bxg4 40. Kh2 Be6 41. Rf6 Bxf7 42. Rxh6 Bd5 43. Kg3 b5 44. axb5 cxb5 45. Rh7+ Rf7 46. Rh5 Bc4 47. Rc5+ Kb6 48. Rg5 b4 49. Rg4 Kb5 50. Rf4 Rxf4 51. Kxf4 b3 52. Ke5 b2 53. Ke4 b1Q+ 54. Ke5 Qd3 55. Kf6 Qe4 56. Kg5 Be6 57. Kf6 Kc6 58. Kg7 Qf5 59. Kh8 Qg5 60. Kh7 Kd7 61. Kh8 Ke7 62. Kh7 Kf8 63. Kh8 Qh4# 0-1

[Event "Eastern Asia-ch U14"]
[Site "Tornelo INT"]
[Date "2021.10.30"]
[Round "5"]
[White "Soham, Nag"]
[Black "Uddipan, Roy"]
[Result "1-0"]
[WhiteElo "1470"]
[BlackElo "1152"]
[PlyCount "103"]
[EventDate "2021.10.29"]
[EventType "swiss"]
[EventRounds "9"]
[EventCountry "NET"]
[SourceTitle "EXT 2023"]
[Source "ChessBase"]
[SourceDate "2022.10.05"]
[SourceVersion "1"]
[SourceVersionDate "2022.10.05"]
[SourceQuality "1"]

1. e4 c5 2. c3 d5 3. exd5 Qxd5 4. d4 Nf6 5. Nf3 Bg4 6. Be2 e6 7. 0-0 Nc6 8. Be3 cxd4 9. cxd4 Be7 10. Nc3 Qa5 11. Qb3 Qb4 12. Qxb4 Nxb4 13. Bb5+ Kf8 14. Ne5 Bf5 15. Rac1 a6 16. Bc4 b5 17. Be2 Bd6 18. a3 Nbd5 19. Bf3 Ke7 20. Bg5 Nxc3 21. Rxc3 Rac8 22. Rfc1 Rxc3 23. Rxc3 h6 24. Bxf6+ Kxf6 25. Nd7+ Ke7 26. Nc5 a5 27. Nb7 Rb8 28. Nxa5 Kf6 29. Nb7 Be7 30. Rc7 Bd8 31. Rd7 Be7 32. Na5 Bf8 33. Nc6 Rc8 34. h3 g5 35. Rb7 h5 36. Ne5 Bg6 37. Nd7+ Kg7 38. Nxf8 Kxf8 39. Rxb5 f5 40. g4 h4 41. Rc5 Rd8 42. d5 Ke7 43. dxe6 Kxe6 44. Rc6+ Kf7 45. Kg2 Rd4 46. Rc7+ Kf6 47. b4 fxg4 48. hxg4 Rd3 49. Bc6 Rxa3 50. b5 Rc3 51. b6 Be4+ 52. Bxe4 1-0

[Event "Eastern Asia-ch U14"]
[Site "Tornelo INT"]
[Date "2021.10.29"]
[Round "3"]
[White "Soham, Nag"]
[Black "Ritwik, Datta Gupta"]
[Result "0-1"]
[WhiteElo "1470"]
[BlackElo "1169"]
[PlyCount "96"]
[EventDate "2021.10.29"]
[EventType "swiss"]
[EventRounds "9"]
[EventCountry "NET"]
[SourceTitle "EXT 2023"]
[Source "ChessBase"]
[SourceDate "2022.10.05"]
[SourceVersion "1"]
[SourceVersionDate "2022.10.05"]
[SourceQuality "1"]

1. e4 e5 2. Nf3 Nc6 3. Bc4 Nf6 4. d3 Be7 5. 0-0 d6 6. Be3 Bg4 7. Nbd2 0-0 8. h3 Bh5 9. a3 h6 10. g4 Bg6 11. Nh4 Bh7 12. Nf5 Bxf5 13. gxf5 Kh7 14. Kh2 g5 15. fxg6+ fxg6 16. Be6 Nh5 17. Qg4 Nd4 18. Rg1 Bg5 19. Bxd4 exd4 20. Nf3 Rf4 21. Nxg5+ Qxg5 22. Qe2 Qf6 23. Rxg6 Rxf2+ 24. Kh1 Rxe2 25. Rxf6 Nxf6 26. Rg1 Rf2 27. Bf5+ Rxf5 28. exf5 Rf8 29. Re1 Nd5 30. f6 Rxf6 31. Re8 Kg6 32. Rg8+ Kf5 33. Rg7 Kf4 34. c4 dxc3 35. bxc3 b5 36. c4 bxc4 37. dxc4 Nb6 38. Rxc7 Ke4 39. c5 dxc5 40. Rxc5 Rf3 41. Ra5 Rxh3+ 42. Kg2 Rc3 43. Rxa7 Nd5 44. a4 Nf4+ 45. Kh2 h5 46. a5 Kf3 47. a6 Kf2 48. Rf7 Rh3# 0-1

[Event "Sivagangai Tamilnadu op U11 32th"]
[Site "Sivagangai Tamilnadu"]
[Date "2018.07.29"]
[Round "3.10"]
[White "Garv, Rai"]
[Black "Soham, Nag"]
[Result "1-0"]
[WhiteElo "1601"]
[BlackElo "1431"]
[PlyCount "78"]
[EventDate "2018.07.28"]
[EventType "swiss"]
[EventRounds "11"]
[EventCountry "IND"]
[SourceTitle "EXT 2024"]
[Source "ChessBase"]
[SourceDate "2023.10.10"]
[SourceVersion "1"]
[SourceVersionDate "2023.10.10"]
[SourceQuality "1"]

1. d4 d5 2. Bf4 Bf5 3. e3 e6 4. c4 Nf6 5. Qb3 b6 6. Nc3 c6 7. Nf3 Bd6 8. Bg3 0-0 9. Nh4 Bg6 10. Nxg6 fxg6 11. Bd3 Qc7 12. 0-0 Nbd7 13. Rac1 Bxg3 14. hxg3 Qd6 15. Rfd1 Rae8 16. Be2 Kh8 17. Bf3 Rc8 18. a3 Qe7 19. Re1 Qd6 20. Rcd1 Qe7 21. e4 dxc4 22. Qxc4 e5 23. Qe2 exd4 24. Rxd4 Ne5 25. Red1 Rfd8 26. Rxd8+ Rxd8 27. Rxd8+ Qxd8 28. Qd1 Qxd1+ 29. Bxd1 c5 30. Be2 Kg8 31. f4 Nc6 32. e5 Ne8 33. Bb5 Nxe5 34. fxe5 Nc7 35. Kf2 Kf8 36. Ke3 Ke7 37. Ke4 c4 38. Nd5+ Nxd5 39. Kxd5 Kd8 1-0